[Event "Russian Blitz Championship (w)"]
[Site "Sochi"]
[Date "2022.10.14"]
[Round "3.2"]
[White "Yakimova, Mariya"]
[Black "Bodnaruk, Anastasia"]
[Result "1-0"]
[BlackElo "2332"]
[WhiteElo "2134"]
[LiveChessVersion "1.4.8"]

1. d4 {[%clk 0:03:03]} Nf6 {[%clk 0:03:03]} 2. c4 {[%clk 0:03:04]} g6
{[%clk 0:03:05]} 3. g3 {[%clk 0:03:03]} Bg7 {[%clk 0:03:05]} 4. Bg2
{[%clk 0:03:04]} O-O {[%clk 0:03:06]} 5. Nc3 {[%clk 0:03:05]} d6 {[%clk 0:03:06]}
6. Nf3 {[%clk 0:03:06]} Nc6 {[%clk 0:03:07]} 7. O-O {[%clk 0:03:07]} a6
{[%clk 0:03:08]} 8. h3 {[%clk 0:03:07]} Rb8 {[%clk 0:03:00]} 9. e4
{[%clk 0:03:06]} b5 {[%clk 0:02:37]} 10. d5 {[%clk 0:03:07]} Na5 {[%clk 0:02:27]}
11. cxb5 {[%clk 0:03:08]} axb5 {[%clk 0:02:28]} 12. b4 {[%clk 0:03:09]} Nc4
{[%clk 0:02:22]} 13. Nd4 {[%clk 0:03:10]} Bd7 {[%clk 0:02:22]} 14. a4
{[%clk 0:03:11]} bxa4 {[%clk 0:02:10]} 15. b5 {[%clk 0:03:12]} e6
{[%clk 0:01:34]} 16. Rxa4 {[%clk 0:02:52]} Nb6 {[%clk 0:01:33]} 17. Ra7
{[%clk 0:02:47]} exd5 {[%clk 0:01:28]} 18. exd5 {[%clk 0:02:47]} Re8
{[%clk 0:01:23]} 19. Nc6 {[%clk 0:02:35]} Bxc6 {[%clk 0:01:24]} 20. bxc6
{[%clk 0:02:36]} Ra8 {[%clk 0:01:22]} 21. Rxa8 {[%clk 0:02:25]} Qxa8
{[%clk 0:01:18]} 22. Be3 {[%clk 0:02:26]} Nc4 {[%clk 0:00:57]} 23. Bd4
{[%clk 0:02:27]} Qa5 {[%clk 0:00:42]} 24. Qd3 {[%clk 0:02:15]} Ne5
{[%clk 0:00:38]} 25. Qb5 {[%clk 0:02:16]} Qa3 {[%clk 0:00:28]} 26. f4
{[%clk 0:02:15]} Neg4 {[%clk 0:00:13]} 27. hxg4 {[%clk 0:02:13]} Nxg4
{[%clk 0:00:14]} 28. Bxg7 {[%clk 0:01:54]} Kxg7 {[%clk 0:00:12]} 29. Qd3
{[%clk 0:01:47]} Qa7+ {[%clk 0:00:10]} 30. Kh1 {[%clk 0:01:40]} Nf2+
{[%clk 0:00:11]} 31. Rxf2 {[%clk 0:01:39]} Qxf2 {[%clk 0:00:12]} 32. Ne4
{[%clk 0:01:39]} Qe1+ {[%clk 0:00:06]} 33. Kh2 {[%clk 0:01:40]} f6
{[%clk 0:00:05]} 34. Qd4 {[%clk 0:01:41]} Rf8 {[%clk 0:00:06]} 35. Ng5
{[%clk 0:01:39]} Kg8 {[%clk 0:00:04]} 36. Ne6 {[%clk 0:01:21]} Rf7
{[%clk 0:00:04]} 37. f5 {[%clk 0:01:18]} gxf5 {[%clk 0:00:04]} 38. Qf4
{[%clk 0:01:08]} Qe5 {[%clk 0:00:05]} 39. Qh6 {[%clk 0:01:08]} Qe2
{[%clk 0:00:05]} 40. Qf4 {[%clk 0:00:49]} h5 {[%clk 0:00:05]} 41. Qxf5
{[%clk 0:00:47]} Qg4 {[%clk 0:00:05]} 42. Be4 {[%clk 0:00:37]} Qe2+
{[%clk 0:00:05]} 43. Kh3 {[%clk 0:00:39]} Qg4+ {[%clk 0:00:03]} 44. Qxg4+
{[%clk 0:00:39]} hxg4+ {[%clk 0:00:05]} 45. Kxg4 {[%clk 0:00:40]} Re7
{[%clk 0:00:06]} 46. Bg6 {[%clk 0:00:37]} Kh8 {[%clk 0:00:05]} 47. Kf5
{[%clk 0:00:38]} Kg8 {[%clk 0:00:06]} 48. Kxf6 {[%clk 0:00:39]} Rf7+
{[%clk 0:00:04]} 49. Bxf7+ {[%clk 0:00:39]} 1-0

[Event "Russian Blitz Championship (w)"]
[Site "Sochi"]
[Date "2022.10.14"]
[Round "3.3"]
[White "Pogonina, Natalija"]
[Black "Paramzina, Anastasya"]
[Result "1-0"]
[BlackElo "2129"]
[WhiteElo "2332"]
[LiveChessVersion "1.4.8"]

1. d4 {[%clk 0:03:02]} Nf6 {[%clk 0:03:03]} 2. g3 {[%clk 0:03:02]} g6
{[%clk 0:02:59]} 3. Bg2 {[%clk 0:03:03]} d5 {[%clk 0:03:00]} 4. c4
{[%clk 0:03:00]} c6 {[%clk 0:03:00]} 5. Nd2 {[%clk 0:02:50]} Bg7 {[%clk 0:02:57]}
6. Ngf3 {[%clk 0:02:51]} O-O {[%clk 0:02:57]} 7. O-O {[%clk 0:02:51]} a5
{[%clk 0:02:56]} 8. b3 {[%clk 0:02:45]} Bf5 {[%clk 0:02:53]} 9. Bb2
{[%clk 0:02:46]} Ne4 {[%clk 0:02:49]} 10. Nh4 {[%clk 0:02:43]} Nxd2
{[%clk 0:02:35]} 11. Qxd2 {[%clk 0:02:38]} Bc8 {[%clk 0:01:48]} 12. Rac1
{[%clk 0:02:26]} a4 {[%clk 0:01:47]} 13. cxd5 {[%clk 0:02:17]} cxd5
{[%clk 0:01:48]} 14. b4 {[%clk 0:02:16]} a3 {[%clk 0:01:46]} 15. Ba1
{[%clk 0:02:11]} Nc6 {[%clk 0:01:46]} 16. Rc5 {[%clk 0:02:09]} e6
{[%clk 0:01:43]} 17. Bc3 {[%clk 0:01:52]} Re8 {[%clk 0:01:32]} 18. b5
{[%clk 0:01:51]} Nb8 {[%clk 0:01:33]} 19. Bb4 {[%clk 0:01:47]} Nd7
{[%clk 0:01:30]} 20. Rc2 {[%clk 0:01:43]} Nb6 {[%clk 0:01:26]} 21. Ba5
{[%clk 0:00:59]} Qd6 {[%clk 0:01:27]} 22. Bxb6 {[%clk 0:00:54]} Qxb6
{[%clk 0:01:28]} 23. Nf3 {[%clk 0:00:50]} Qxb5 {[%clk 0:01:25]} 24. Ne5
{[%clk 0:00:49]} Bxe5 {[%clk 0:01:23]} 25. dxe5 {[%clk 0:00:49]} Bd7
{[%clk 0:01:19]} 26. e4 {[%clk 0:00:42]} Bc6 {[%clk 0:01:18]} 27. exd5
{[%clk 0:00:38]} Bxd5 {[%clk 0:01:18]} 28. Bxd5 {[%clk 0:00:34]} exd5
{[%clk 0:01:19]} 29. Re1 {[%clk 0:00:34]} Rac8 {[%clk 0:01:01]} 30. Rxc8
{[%clk 0:00:30]} Rxc8 {[%clk 0:01:02]} 31. e6 {[%clk 0:00:31]} fxe6
{[%clk 0:00:56]} 32. Rxe6 {[%clk 0:00:31]} Qd7 {[%clk 0:00:45]} 33. Re3
{[%clk 0:00:32]} d4 {[%clk 0:00:43]} 34. Rxa3 {[%clk 0:00:30]} Qe7
{[%clk 0:00:35]} 35. Rd3 {[%clk 0:00:28]} Rd8 {[%clk 0:00:16]} 36. Rxd4
{[%clk 0:00:28]} Rxd4 {[%clk 0:00:17]} 37. Qxd4 {[%clk 0:00:29]} Qe6
{[%clk 0:00:16]} 38. a4 {[%clk 0:00:26]} Qc6 {[%clk 0:00:17]} 39. h4
{[%clk 0:00:22]} Kf7 {[%clk 0:00:18]} 40. Kh2 {[%clk 0:00:21]} Kg8
{[%clk 0:00:17]} 41. Qf4 {[%clk 0:00:18]} Kg7 {[%clk 0:00:17]} 42. g4
{[%clk 0:00:18]} h6 {[%clk 0:00:17]} 43. h5 {[%clk 0:00:17]} gxh5
{[%clk 0:00:17]} 44. gxh5 {[%clk 0:00:18]} Qd5 {[%clk 0:00:18]} 45. Qg4+
{[%clk 0:00:17]} Kf8 {[%clk 0:00:12]} 46. f3 {[%clk 0:00:14]} Qe5+
{[%clk 0:00:11]} 47. Kh3 {[%clk 0:00:15]} Qf6 {[%clk 0:00:09]} 48. Qc8+
{[%clk 0:00:14]} Kg7 {[%clk 0:00:08]} 49. Qxb7+ {[%clk 0:00:15]} Kh8
{[%clk 0:00:09]} 50. Qc8+ {[%clk 0:00:16]} Kg7 {[%clk 0:00:10]} 51. Qg4+
{[%clk 0:00:16]} Kh8 {[%clk 0:00:10]} 52. a5 {[%clk 0:00:14]} Qa1
{[%clk 0:00:11]} 53. Qc8+ {[%clk 0:00:10]} Kg7 {[%clk 0:00:13]} 54. Qd7+
{[%clk 0:00:10]} Kf6 {[%clk 0:00:14]} 55. Qd6+ {[%clk 0:00:10]} Kf5
{[%clk 0:00:13]} 56. Qg6+ {[%clk 0:00:10]} Kf4 {[%clk 0:00:13]} 57. Qxh6+
{[%clk 0:00:09]} Kxf3 {[%clk 0:00:14]} 58. Qf8+ {[%clk 0:00:08]} Ke4
{[%clk 0:00:14]} 59. Qe7+ {[%clk 0:00:08]} Kf4 {[%clk 0:00:13]} 60. Qf7+
{[%clk 0:00:09]} Ke4 {[%clk 0:00:13]} 61. Qg6+ {[%clk 0:00:07]} Kd5 62. Kg4
{[%clk 0:00:04]} Qd1+ {[%clk 0:00:07]} 63. Kg5 {[%clk 0:00:05]} Qd2+
{[%clk 0:00:07]} 64. Kf6 {[%clk 0:00:06]} Qd4+ {[%clk 0:00:06]} 65. Kf7
{[%clk 0:00:06]} Qa7+ {[%clk 0:00:07]} 66. Kg8 {[%clk 0:00:06]} Qa8+
{[%clk 0:00:07]} 67. Kg7 {[%clk 0:00:07]} Qd8 68. Qf7+ Ke5 1-0

[Event "Russian Blitz Championship (w)"]
[Site "Sochi"]
[Date "2022.10.14"]
[Round "3.4"]
[White "Styazhkina, Anna"]
[Black "Girya, Olga"]
[Result "0-1"]
[BlackElo "2298"]
[WhiteElo "2121"]
[LiveChessVersion "1.4.8"]

1. e4 {[%clk 0:03:01]} e5 {[%clk 0:03:04]} 2. Nf3 {[%clk 0:02:55]} Nc6
{[%clk 0:03:05]} 3. Bc4 {[%clk 0:02:56]} Bc5 {[%clk 0:03:04]} 4. c3
{[%clk 0:02:56]} Nf6 {[%clk 0:03:05]} 5. d3 {[%clk 0:02:54]} d6 {[%clk 0:03:06]}
6. Nbd2 {[%clk 0:02:46]} O-O {[%clk 0:03:00]} 7. O-O {[%clk 0:02:43]} a5
{[%clk 0:03:00]} 8. a4 {[%clk 0:02:39]} h6 {[%clk 0:02:52]} 9. h3
{[%clk 0:02:40]} Be6 {[%clk 0:02:52]} 10. Re1 {[%clk 0:02:29]} Ba7
{[%clk 0:02:29]} 11. Bb3 {[%clk 0:02:19]} Bxb3 {[%clk 0:02:27]} 12. Qxb3
{[%clk 0:02:19]} Rb8 {[%clk 0:02:28]} 13. Nh4 {[%clk 0:01:31]} Ng4
{[%clk 0:02:15]} 14. hxg4 {[%clk 0:00:59]} Qxh4 {[%clk 0:02:16]} 15. Re2
{[%clk 0:00:59]} Qxg4 {[%clk 0:02:16]} 16. Nf3 {[%clk 0:01:00]} Qe6
{[%clk 0:02:07]} 17. Qd1 {[%clk 0:00:44]} f5 {[%clk 0:02:07]} 18. exf5
{[%clk 0:00:40]} Qxf5 {[%clk 0:02:08]} 19. Be3 {[%clk 0:00:37]} Bxe3
{[%clk 0:02:08]} 20. Rxe3 {[%clk 0:00:38]} Rf7 {[%clk 0:01:59]} 21. Qe2
{[%clk 0:00:26]} Rbf8 {[%clk 0:02:00]} 22. Re4 {[%clk 0:00:20]} Ne7
{[%clk 0:01:48]} 23. c4 {[%clk 0:00:18]} Ng6 {[%clk 0:01:45]} 24. Rf1
{[%clk 0:00:12]} Nf4 {[%clk 0:01:45]} 25. Qe3 {[%clk 0:00:10]} Nxg2
{[%clk 0:01:30]} 26. Kxg2 {[%clk 0:00:10]} Qxf3+ {[%clk 0:01:30]} 27. Qxf3
{[%clk 0:00:10]} Rxf3 {[%clk 0:01:31]} 28. d4 {[%clk 0:00:09]} exd4
{[%clk 0:01:29]} 29. Rxd4 {[%clk 0:00:09]} Rb3 {[%clk 0:01:28]} 30. Rb1
{[%clk 0:00:05]} Rf6 {[%clk 0:01:22]} 31. f4 {[%clk 0:00:05]} Rg6+
{[%clk 0:01:18]} 32. Kf2 {[%clk 0:00:05]} Rgg3 {[%clk 0:01:19]} 33. Re4
{[%clk 0:00:03]} Rg4 {[%clk 0:01:02]} 34. Rd4 {[%clk 0:00:03]} Kf7
{[%clk 0:01:02]} 35. Ke2 {[%clk 0:00:03]} Kf6 {[%clk 0:01:00]} 36. Kd2
{[%clk 0:00:04]} Rf3 {[%clk 0:00:59]} 37. Re1 {[%clk 0:00:05]} Rgxf4
{[%clk 0:00:57]} 38. Rxf4+ {[%clk 0:00:05]} Rxf4 {[%clk 0:00:59]} 39. b3
{[%clk 0:00:06]} h5 {[%clk 0:00:59]} 40. Re8 {[%clk 0:00:06]} h4 {[%clk 0:00:59]}
41. Rf8+ {[%clk 0:00:06]} Ke5 {[%clk 0:00:59]} 42. Rc8 {[%clk 0:00:06]} h3
{[%clk 0:00:58]} 43. Rh8 {[%clk 0:00:05]} Rf3 {[%clk 0:00:58]} 0-1

[Event "Russian Blitz Championship (w)"]
[Site "Sochi"]
[Date "2022.10.14"]
[Round "3.5"]
[White "Guseva, Marina"]
[Black "Tomilova, Elena"]
[Result "1/2-1/2"]
[BlackElo "2107"]
[WhiteElo "2273"]
[LiveChessVersion "1.4.8"]

1. d4 {[%clk 0:03:03]} Nf6 {[%clk 0:03:03]} 2. c4 {[%clk 0:03:03]} b6
{[%clk 0:03:04]} 3. Nc3 {[%clk 0:03:04]} Bb7 {[%clk 0:03:03]} 4. d5
{[%clk 0:02:56]} e6 {[%clk 0:03:03]} 5. a3 {[%clk 0:02:57]} Bd6 {[%clk 0:03:03]}
6. e4 {[%clk 0:02:58]} Be5 {[%clk 0:03:03]} 7. Nge2 {[%clk 0:02:49]} exd5
{[%clk 0:02:51]} 8. cxd5 {[%clk 0:02:47]} Ba6 {[%clk 0:02:43]} 9. f3
{[%clk 0:02:32]} O-O {[%clk 0:02:39]} 10. Be3 {[%clk 0:02:33]} c6
{[%clk 0:02:33]} 11. Bf4 {[%clk 0:02:14]} Qe7 {[%clk 0:02:13]} 12. Bxe5
{[%clk 0:01:57]} Qxe5 {[%clk 0:02:14]} 13. Qd4 {[%clk 0:01:41]} Qe8
{[%clk 0:01:55]} 14. Ng3 {[%clk 0:01:24]} Bxf1 {[%clk 0:01:50]} 15. Rxf1
{[%clk 0:01:24]} c5 {[%clk 0:01:38]} 16. Qd2 {[%clk 0:01:23]} d6 {[%clk 0:01:32]}
17. Nf5 {[%clk 0:01:22]} h6 {[%clk 0:00:54]} 18. Nxd6 {[%clk 0:01:07]} Qe5
{[%clk 0:00:50]} 19. Nf5 {[%clk 0:01:05]} Nbd7 {[%clk 0:00:43]} 20. O-O-O
{[%clk 0:01:03]} b5 {[%clk 0:00:39]} 21. f4 {[%clk 0:00:58]} Qb8 {[%clk 0:00:32]}
22. e5 {[%clk 0:00:57]} Ne8 {[%clk 0:00:21]} 23. Ne4 {[%clk 0:00:39]} b4
{[%clk 0:00:19]} 24. a4 {[%clk 0:00:36]} c4 {[%clk 0:00:19]} 25. Ne7+
{[%clk 0:00:31]} Kh8 {[%clk 0:00:18]} 26. Nc6 {[%clk 0:00:32]} Qb6
{[%clk 0:00:16]} 27. f5 {[%clk 0:00:20]} c3 {[%clk 0:00:13]} 28. Qf4
{[%clk 0:00:17]} cxb2+ {[%clk 0:00:12]} 29. Kxb2 {[%clk 0:00:17]} Nc5
{[%clk 0:00:11]} 30. f6 {[%clk 0:00:08]} Nxa4+ {[%clk 0:00:07]} 31. Kb3
{[%clk 0:00:08]} Nc5+ {[%clk 0:00:05]} 32. Nxc5 {[%clk 0:00:08]} Qxc5
{[%clk 0:00:06]} 33. fxg7+ {[%clk 0:00:09]} Nxg7 {[%clk 0:00:06]} 34. Rf3
{[%clk 0:00:05]} a5 {[%clk 0:00:04]} 35. Qxh6+ {[%clk 0:00:04]} Kg8
{[%clk 0:00:06]} 36. Rg3 {[%clk 0:00:04]} a4+ {[%clk 0:00:07]} 37. Kb2 a3+ 38.
Ka1 1/2-1/2

[Event "Russian Blitz Championship (w)"]
[Site "Sochi"]
[Date "2022.10.14"]
[Round "3.6"]
[White "Vysotskaya, Anastasiya"]
[Black "Garifullina, Leya"]
[Result "0-1"]
[BlackElo "2267"]
[WhiteElo "2023"]
[LiveChessVersion "1.4.8"]

1. d4 {[%clk 0:03:02]} Nf6 {[%clk 0:03:03]} 2. c4 {[%clk 0:03:03]} e6
{[%clk 0:03:04]} 3. Nc3 {[%clk 0:03:04]} Bb4 {[%clk 0:03:05]} 4. f3
{[%clk 0:03:05]} c5 {[%clk 0:03:06]} 5. d5 {[%clk 0:03:05]} d6 {[%clk 0:03:07]}
6. e4 {[%clk 0:03:03]} b5 {[%clk 0:03:08]} 7. Nge2 {[%clk 0:02:56]} bxc4
{[%clk 0:03:08]} 8. Nf4 {[%clk 0:02:56]} e5 {[%clk 0:03:09]} 9. Nfe2
{[%clk 0:02:57]} Nbd7 {[%clk 0:03:09]} 10. h4 {[%clk 0:02:49]} Nb6
{[%clk 0:02:57]} 11. g4 {[%clk 0:02:46]} h5 {[%clk 0:02:34]} 12. g5
{[%clk 0:02:47]} Nfd7 {[%clk 0:02:29]} 13. Ng3 {[%clk 0:02:30]} g6
{[%clk 0:02:28]} 14. Kf2 {[%clk 0:02:00]} Rf8 {[%clk 0:01:42]} 15. Bh3
{[%clk 0:01:16]} Qe7 {[%clk 0:01:24]} 16. Be3 {[%clk 0:00:40]} Ba6
{[%clk 0:01:14]} 17. Qc2 {[%clk 0:00:31]} O-O-O {[%clk 0:01:13]} 18. Nce2
{[%clk 0:00:21]} Kb8 {[%clk 0:01:09]} 19. a3 {[%clk 0:00:22]} Ba5
{[%clk 0:01:10]} 20. b4 {[%clk 0:00:21]} cxb3 {[%clk 0:01:10]} 21. Qxb3
{[%clk 0:00:21]} Ka8 {[%clk 0:01:10]} 22. Rab1 {[%clk 0:00:10]} Rb8
{[%clk 0:01:10]} 23. Qc2 {[%clk 0:00:09]} Nc4 {[%clk 0:01:07]} 24. Qa4
{[%clk 0:00:08]} Ndb6 {[%clk 0:01:07]} 25. Qc2 {[%clk 0:00:07]} Nxe3
{[%clk 0:01:07]} 26. Kxe3 {[%clk 0:00:08]} f6 {[%clk 0:01:03]} 27. Rhf1
{[%clk 0:00:07]} fxg5 {[%clk 0:01:04]} 28. Kf2 {[%clk 0:00:05]} gxh4
{[%clk 0:01:05]} 29. Nh1 {[%clk 0:00:06]} g5 {[%clk 0:01:06]} 30. Bf5
{[%clk 0:00:06]} g4 {[%clk 0:01:02]} 31. Nc3 {[%clk 0:00:04]} g3+
{[%clk 0:01:02]} 32. Kg2 {[%clk 0:00:05]} Bxc3 {[%clk 0:00:57]} 33. Qxc3
{[%clk 0:00:06]} Bxf1+ {[%clk 0:00:57]} 34. Rxf1 {[%clk 0:00:07]} Qb7
{[%clk 0:00:53]} 35. Be6 {[%clk 0:00:06]} Na4 {[%clk 0:00:54]} 36. Qc4
{[%clk 0:00:06]} Qb2+ {[%clk 0:00:55]} 37. Nf2 {[%clk 0:00:05]} Nb6
{[%clk 0:00:54]} 38. Qa6 {[%clk 0:00:03]} gxf2 {[%clk 0:00:53]} 39. Rxf2
{[%clk 0:00:03]} Rg8+ {[%clk 0:00:53]} 40. Bxg8 {[%clk 0:00:03]} Rxg8+
{[%clk 0:00:55]} 41. Kf1 {[%clk 0:00:04]} Qc1+ {[%clk 0:00:51]} 42. Ke2
{[%clk 0:00:05]} Qc4+ {[%clk 0:00:52]} 43. Qxc4 {[%clk 0:00:05]} Nxc4
{[%clk 0:00:52]} 44. Rh2 {[%clk 0:00:06]} Nxa3 {[%clk 0:00:52]} 45. Rxh4
{[%clk 0:00:07]} Rg5 {[%clk 0:00:52]} 46. f4 {[%clk 0:00:07]} exf4
{[%clk 0:00:53]} 47. Rxf4 {[%clk 0:00:09]} Nc4 {[%clk 0:00:54]} 48. Rf8+
{[%clk 0:00:06]} Kb7 {[%clk 0:00:55]} 49. Rh8 {[%clk 0:00:07]} Ne5
{[%clk 0:00:55]} 50. Rh6 {[%clk 0:00:08]} Ng6 {[%clk 0:00:46]} 51. Kd3
{[%clk 0:00:05]} h4 {[%clk 0:00:46]} 52. Kc4 {[%clk 0:00:04]} Rg4
{[%clk 0:00:44]} 53. Kb5 {[%clk 0:00:04]} Ne7 {[%clk 0:00:41]} 54. Re6
{[%clk 0:00:04]} Nc8 {[%clk 0:00:42]} 55. e5 {[%clk 0:00:03]} a6+
{[%clk 0:00:43]} 56. Ka5 {[%clk 0:00:05]} dxe5 {[%clk 0:00:43]} 57. d6
{[%clk 0:00:06]} Kc6 {[%clk 0:00:43]} 58. Re8 {[%clk 0:00:04]} Nxd6 59. Ra8 0-1

[Event "Russian Blitz Championship (w)"]
[Site "Sochi"]
[Date "2022.10.14"]
[Round "3.7"]
[White "Bivol, Alina"]
[Black "Getman, Tatyana"]
[Result "1-0"]
[BlackElo "2019"]
[WhiteElo "2264"]
[LiveChessVersion "1.4.8"]

1. e4 {[%clk 0:03:03]} c5 {[%clk 0:03:04]} 2. Nf3 {[%clk 0:03:04]} d6
{[%clk 0:03:05]} 3. Bb5+ {[%clk 0:02:58]} Nd7 {[%clk 0:03:06]} 4. a4
{[%clk 0:02:54]} Ngf6 {[%clk 0:03:00]} 5. Nc3 {[%clk 0:02:54]} e6
{[%clk 0:02:55]} 6. O-O {[%clk 0:02:52]} Be7 {[%clk 0:02:51]} 7. Re1
{[%clk 0:02:52]} O-O {[%clk 0:02:49]} 8. a5 {[%clk 0:02:45]} a6 {[%clk 0:02:42]}
9. Bf1 {[%clk 0:02:45]} Qc7 {[%clk 0:02:17]} 10. d4 {[%clk 0:02:38]} cxd4
{[%clk 0:02:17]} 11. Nxd4 {[%clk 0:02:19]} Ne5 {[%clk 0:02:16]} 12. Nf3
{[%clk 0:02:04]} Nxf3+ {[%clk 0:01:53]} 13. Qxf3 {[%clk 0:02:05]} e5
{[%clk 0:01:41]} 14. Bg5 {[%clk 0:01:33]} Bg4 {[%clk 0:01:25]} 15. Qd3
{[%clk 0:01:30]} Be6 {[%clk 0:01:25]} 16. Red1 {[%clk 0:01:28]} Rfd8
{[%clk 0:01:22]} 17. Be3 {[%clk 0:00:54]} Re8 {[%clk 0:01:04]} 18. Bb6
{[%clk 0:00:54]} Qc6 {[%clk 0:01:01]} 19. Nd5 {[%clk 0:00:53]} Bxd5
{[%clk 0:00:53]} 20. exd5 {[%clk 0:00:54]} Qc8 {[%clk 0:00:51]} 21. c4
{[%clk 0:00:54]} Nd7 {[%clk 0:00:32]} 22. Be3 {[%clk 0:00:40]} Bf6
{[%clk 0:00:15]} 23. Rac1 {[%clk 0:00:39]} e4 {[%clk 0:00:12]} 24. Qc2
{[%clk 0:00:40]} Qd8 {[%clk 0:00:06]} 25. b4 {[%clk 0:00:41]} Rc8
{[%clk 0:00:06]} 26. c5 {[%clk 0:00:37]} dxc5 {[%clk 0:00:06]} 27. bxc5
{[%clk 0:00:38]} Qxa5 {[%clk 0:00:06]} 28. c6 {[%clk 0:00:39]} bxc6
{[%clk 0:00:04]} 29. dxc6 {[%clk 0:00:40]} Nb8 {[%clk 0:00:04]} 30. c7
{[%clk 0:00:37]} Be5 {[%clk 0:00:03]} 31. cxb8=Q {[%clk 0:00:29]} Rxb8
{[%clk 0:00:04]} 32. Qc4 {[%clk 0:00:26]} h6 {[%clk 0:00:04]} 33. Qxa6
{[%clk 0:00:26]} Qb4 {[%clk 0:00:03]} 34. Qc4 {[%clk 0:00:27]} Qb7
{[%clk 0:00:04]} 35. g3 {[%clk 0:00:28]} Bf6 {[%clk 0:00:05]} 36. Qd5
{[%clk 0:00:26]} Qb4 {[%clk 0:00:03]} 37. Bc4 {[%clk 0:00:26]} Rf8
{[%clk 0:00:04]} 38. Kg2 {[%clk 0:00:26]} Rbd8 {[%clk 0:00:04]} 39. Qxe4
{[%clk 0:00:25]} Qb8 {[%clk 0:00:03]} 40. Rxd8 {[%clk 0:00:24]} Qxd8
{[%clk 0:00:04]} 41. Bd3 {[%clk 0:00:25]} g6 {[%clk 0:00:04]} 42. Bxh6
{[%clk 0:00:20]} Re8 {[%clk 0:00:05]} 43. Qf3 {[%clk 0:00:21]} Bb2
{[%clk 0:00:05]} 44. Rc6 {[%clk 0:00:18]} Bg7 45. Bxg7 Kxg7 46. Ra6 1-0

[Event "Russian Blitz Championship (w)"]
[Site "Sochi"]
[Date "2022.10.14"]
[Round "3.8"]
[White "Gubernatorova, Lyudmila"]
[Black "Voit, Daria"]
[Result "0-1"]
[BlackElo "2247"]
[WhiteElo "1999"]
[LiveChessVersion "1.4.8"]

1. d4 {[%clk 0:03:03]} Nf6 {[%clk 0:03:03]} 2. c4 {[%clk 0:03:04]} e6
{[%clk 0:03:04]} 3. Nf3 {[%clk 0:03:04]} d5 {[%clk 0:03:04]} 4. Nc3
{[%clk 0:03:04]} Bb4 {[%clk 0:03:05]} 5. Bg5 {[%clk 0:03:03]} h6 {[%clk 0:03:05]}
6. Bxf6 {[%clk 0:02:54]} Qxf6 {[%clk 0:03:06]} 7. e3 {[%clk 0:02:54]} O-O
{[%clk 0:03:02]} 8. cxd5 {[%clk 0:02:47]} exd5 {[%clk 0:03:02]} 9. Be2
{[%clk 0:02:47]} c6 {[%clk 0:02:56]} 10. O-O {[%clk 0:02:47]} Bf5
{[%clk 0:02:48]} 11. Ne5 {[%clk 0:02:41]} Bd6 {[%clk 0:02:40]} 12. f4
{[%clk 0:02:40]} Qe7 {[%clk 0:02:35]} 13. Rf3 {[%clk 0:02:37]} f6
{[%clk 0:02:29]} 14. Nd3 {[%clk 0:02:26]} Nd7 {[%clk 0:02:26]} 15. Rg3
{[%clk 0:02:19]} Qe6 {[%clk 0:02:16]} 16. Nf2 {[%clk 0:02:08]} Rfe8
{[%clk 0:02:11]} 17. Bg4 {[%clk 0:02:00]} Re7 {[%clk 0:01:51]} 18. Bxf5
{[%clk 0:01:45]} Qxf5 {[%clk 0:01:52]} 19. Ng4 {[%clk 0:01:43]} Kh8
{[%clk 0:01:47]} 20. Qf3 {[%clk 0:01:21]} Rae8 {[%clk 0:01:45]} 21. Rh3
{[%clk 0:01:20]} Nb6 {[%clk 0:01:16]} 22. Ne2 {[%clk 0:01:01]} Nc4
{[%clk 0:01:10]} 23. Ng3 {[%clk 0:00:56]} Qc2 {[%clk 0:00:45]} 24. Re1
{[%clk 0:00:19]} Bb4 {[%clk 0:00:31]} 25. Re2 {[%clk 0:00:16]} Qc1+
{[%clk 0:00:24]} 26. Nf1 {[%clk 0:00:16]} Nd2 {[%clk 0:00:22]} 27. Rxd2
{[%clk 0:00:06]} Bxd2 {[%clk 0:00:23]} 28. Nxh6 {[%clk 0:00:07]} Bxe3+
{[%clk 0:00:16]} 29. Kh1 {[%clk 0:00:06]} gxh6 {[%clk 0:00:15]} 30. Rxh6+
{[%clk 0:00:06]} Rh7 {[%clk 0:00:16]} 31. Rxh7+ Kxh7 32. Qh5+ Kg7 33. Qg4+ Kf8
34. Qd1 0-1

[Event "Russian Blitz Championship (w)"]
[Site "Sochi"]
[Date "2022.10.14"]
[Round "4.1"]
[White "Voit, Daria"]
[Black "Gunina, Valentina"]
[Result "1-0"]
[BlackElo "2376"]
[WhiteElo "2247"]
[LiveChessVersion "1.4.8"]

1. d4 {[%clk 0:03:02]} d5 {[%clk 0:03:02]} 2. c4 {[%clk 0:03:03]} c6
{[%clk 0:03:03]} 3. Nf3 {[%clk 0:03:03]} Nf6 {[%clk 0:03:04]} 4. e3
{[%clk 0:03:04]} Bg4 {[%clk 0:03:02]} 5. h3 {[%clk 0:03:04]} Bxf3
{[%clk 0:03:03]} 6. Qxf3 {[%clk 0:03:04]} e6 {[%clk 0:03:04]} 7. Nc3
{[%clk 0:03:00]} Nbd7 {[%clk 0:03:04]} 8. Bd2 {[%clk 0:02:44]} Bb4
{[%clk 0:03:03]} 9. Bd3 {[%clk 0:02:37]} O-O {[%clk 0:03:02]} 10. a3
{[%clk 0:02:37]} Bd6 {[%clk 0:02:54]} 11. cxd5 {[%clk 0:02:26]} exd5
{[%clk 0:02:49]} 12. b4 {[%clk 0:02:26]} Re8 {[%clk 0:02:49]} 13. O-O
{[%clk 0:02:13]} a6 {[%clk 0:02:47]} 14. Rab1 {[%clk 0:02:08]} Nf8
{[%clk 0:02:47]} 15. a4 {[%clk 0:02:07]} Ne6 {[%clk 0:02:46]} 16. h4
{[%clk 0:01:54]} h5 {[%clk 0:02:12]} 17. g3 {[%clk 0:01:49]} g6 {[%clk 0:01:51]}
18. b5 {[%clk 0:01:49]} a5 {[%clk 0:01:52]} 19. bxc6 {[%clk 0:01:47]} bxc6
{[%clk 0:01:52]} 20. Ne2 {[%clk 0:01:36]} Kg7 {[%clk 0:01:29]} 21. Rfc1
{[%clk 0:01:34]} c5 {[%clk 0:01:17]} 22. dxc5 {[%clk 0:01:30]} Nxc5
{[%clk 0:01:16]} 23. Bb5 {[%clk 0:01:29]} Nce4 {[%clk 0:01:12]} 24. Bc3
{[%clk 0:01:30]} Re7 {[%clk 0:01:03]} 25. Bc6 {[%clk 0:00:51]} Rc8
{[%clk 0:00:53]} 26. Bxf6+ {[%clk 0:00:30]} Nxf6 {[%clk 0:00:53]} 27. Bxd5
{[%clk 0:00:16]} Rxc1+ {[%clk 0:00:53]} 28. Rxc1 {[%clk 0:00:17]} Ba3
{[%clk 0:00:37]} 29. Rd1 {[%clk 0:00:16]} Re5 {[%clk 0:00:25]} 30. e4
{[%clk 0:00:17]} Bc5 {[%clk 0:00:20]} 31. Nf4 {[%clk 0:00:13]} Qe8
{[%clk 0:00:20]} 32. Nd3 {[%clk 0:00:13]} Bd6 {[%clk 0:00:13]} 33. Nxe5
{[%clk 0:00:13]} Bxe5 {[%clk 0:00:13]} 34. Kg2 {[%clk 0:00:14]} Qxa4
{[%clk 0:00:12]} 35. Rb1 {[%clk 0:00:14]} Qe8 {[%clk 0:00:10]} 36. Rb7
{[%clk 0:00:15]} Nxd5 {[%clk 0:00:11]} 37. exd5 {[%clk 0:00:16]} a4
{[%clk 0:00:12]} 38. Qe4 {[%clk 0:00:12]} a3 {[%clk 0:00:11]} 39. d6
{[%clk 0:00:13]} a2 {[%clk 0:00:10]} 40. d7 {[%clk 0:00:13]} Qe6 {[%clk 0:00:06]}
41. d8=Q {[%clk 0:00:06]} a1=Q {[%clk 0:00:07]} 42. Qdd5 {[%clk 0:00:06]} Qxd5
{[%clk 0:00:04]} 43. Qxd5 {[%clk 0:00:07]} 1-0